<?xml version="1.0" encoding="UTF-8"?>
<marc:record xmlns:marc="http://www.loc.gov/MARC21/slim">
   <marc:leader>00000nam a2200000 a 4500</marc:leader>
   <marc:datafield ind1="1" ind2=" " tag="100">
      <marc:subfield code="a">Metzger, Wolfgang</marc:subfield>
      <marc:subfield code="4">oth</marc:subfield>
      <marc:subfield code="e">Sonstiges</marc:subfield>
   </marc:datafield>
   <marc:datafield ind1="1" ind2=" " tag="100">
      <marc:subfield code="a">Erne, Andrea</marc:subfield>
      <marc:subfield code="4">oth</marc:subfield>
      <marc:subfield code="e">Sonstiges</marc:subfield>
   </marc:datafield>
   <marc:datafield ind1=" " ind2=" " tag="653">
      <marc:subfield code="a">Fahrzeug</marc:subfield>
   </marc:datafield>
   <marc:datafield ind1=" " ind2=" " tag="653">
      <marc:subfield code="a">Sachbilderbuch</marc:subfield>
   </marc:datafield>
   <marc:datafield ind1="0" ind2="0" tag="245">
      <marc:subfield code="a">Alles über Laster, Bagger und Traktoren</marc:subfield>
   </marc:datafield>
   <marc:datafield ind1=" " ind2="1" tag="264">
      <marc:subfield code="a">Ravensburg</marc:subfield>
      <marc:subfield code="b">Ravensburger Buchverl.</marc:subfield>
      <marc:subfield code="c">2019</marc:subfield>
   </marc:datafield>
   <marc:datafield ind1="1" ind2=" " tag="490">
      <marc:subfield code="a">Wieso? Weshalb? Warum?</marc:subfield>
      <marc:subfield code="v">Band 38</marc:subfield>
   </marc:datafield>
   <marc:datafield ind1="1" ind2=" " tag="520">
      <marc:subfield code="a">Angaben aus der Verlagsmeldung &#xD;
&#xD;
 &#xD;
&#xD;
  Alles über Laster, Bagger &amp; Traktoren / von Andrea Erne &#xD;
&#xD;
 &#xD;
Wozu brauchen wir Lkws und Bagger? Welche Fahrzeuge haben Arme und warum kippt ein Kran nicht um? Fahrzeuge begegnen und unterstützen uns tagtäglich. Mit diesem Buch lässt sich deren Bauweise und Funktion genau unter die Lupe nehmen. Kleine Fahrzeugfans lernen so die großen Kraftpakete ganz genau kennen!</marc:subfield>
   </marc:datafield>
   <marc:datafield ind1=" " ind2=" " tag="020">
      <marc:subfield code="a">9783473327553</marc:subfield>
      <marc:subfield code="9">9783473327553</marc:subfield>
   </marc:datafield>
   <marc:datafield ind1=" " ind2=" " tag="020">
      <marc:subfield code="a">3473327557</marc:subfield>
      <marc:subfield code="9">3473327557</marc:subfield>
   </marc:datafield>
   <marc:datafield ind1=" " ind2=" " tag="041">
      <marc:subfield code="a">ger</marc:subfield>
   </marc:datafield>
   <marc:datafield ind1=" " ind2=" " tag="300">
      <marc:subfield code="b">zahlr. Ill.</marc:subfield>
   </marc:datafield>
   <marc:datafield ind1="0" ind2=" " tag="490">
      <marc:subfield code="v">Band 38</marc:subfield>
   </marc:datafield>
   <marc:datafield ind1=" " ind2=" " tag="338">
      <marc:subfield code="a">Band</marc:subfield>
   </marc:datafield>
   <marc:datafield ind1=" " ind2=" " tag="300">
      <marc:subfield code="a">[14] S.</marc:subfield>
   </marc:datafield>
</marc:record>
